<?xml version="1.0" encoding="UTF-8"?><?xml-stylesheet type="text/xsl" href="static/style.xsl"?><OAI-PMH xmlns="http://www.openarchives.org/OAI/2.0/" xmlns:xsi="http://www.w3.org/2001/XMLSchema-instance" xsi:schemaLocation="http://www.openarchives.org/OAI/2.0/ http://www.openarchives.org/OAI/2.0/OAI-PMH.xsd"><responseDate>2026-04-13T15:14:10Z</responseDate><request verb="GetRecord" identifier="oai:www.recercat.cat:2117/167431" metadataPrefix="marc">https://recercat.cat/oai/request</request><GetRecord><record><header><identifier>oai:recercat.cat:2117/167431</identifier><datestamp>2025-07-23T04:24:06Z</datestamp><setSpec>com_2072_1033</setSpec><setSpec>col_2072_452951</setSpec></header><metadata><record xmlns="http://www.loc.gov/MARC21/slim" xmlns:dcterms="http://purl.org/dc/terms/" xmlns:xsi="http://www.w3.org/2001/XMLSchema-instance" xmlns:doc="http://www.lyncode.com/xoai" xsi:schemaLocation="http://www.loc.gov/MARC21/slim http://www.loc.gov/standards/marcxml/schema/MARC21slim.xsd">
   <leader>00925njm 22002777a 4500</leader>
   <datafield ind2=" " ind1=" " tag="042">
      <subfield code="a">dc</subfield>
   </datafield>
   <datafield ind2=" " ind1=" " tag="720">
      <subfield code="a">Esquer Cerezo, Manuel</subfield>
      <subfield code="e">author</subfield>
   </datafield>
   <datafield ind2=" " ind1=" " tag="260">
      <subfield code="c">2018-06-21</subfield>
   </datafield>
   <datafield ind2=" " ind1=" " tag="520">
      <subfield code="a">Autonomous driving is an emerging technology that is advancing in a very fast way. It is a complex challenge that involves many sections with plenty of different disciplines. One of the more important parts is trajectory planning, where this thesis it has been focused.&#xd;
This project revises the different algorithms of trajectory planning that have been proposed for autonomous cars. The reason why a trajectory planner based on numerical optimization algorithm such that Model Predictive Control (MPC) is proposed is also discussed. The main advantages are the possibility of generating the planning online allowing the replanning if unexpected events occurs (objects in the middle of the road, pedestrians appearing unexpectedly, etc.) and the facility of including several objectives in the optimization problem.&#xd;
This thesis studies different parameter that can define an optimal generated trajectory and how it is structured in the optimization program. Moreover there are several weights that should be tuned to orientate the trajectory planner in the direction that it is desired. All this tuning process is explained providing guidelines on how can be done for future cases.&#xd;
Finally, several testing results were included that are obtained with different parameters and structures of the program. These results are analysed and some conclusions of the efficiency of the MPC-based planning algorithm are obtained highlighting the advantages that it presents.</subfield>
   </datafield>
   <datafield tag="653" ind2=" " ind1=" ">
      <subfield code="a">Àrees temàtiques de la UPC::Enginyeria mecànica</subfield>
   </datafield>
   <datafield tag="653" ind2=" " ind1=" ">
      <subfield code="a">Autonomous vehicles</subfield>
   </datafield>
   <datafield tag="653" ind2=" " ind1=" ">
      <subfield code="a">Predictive control</subfield>
   </datafield>
   <datafield tag="653" ind2=" " ind1=" ">
      <subfield code="a">Vehicles autònoms</subfield>
   </datafield>
   <datafield tag="653" ind2=" " ind1=" ">
      <subfield code="a">Control predictiu</subfield>
   </datafield>
   <datafield ind2="0" ind1="0" tag="245">
      <subfield code="a">Trajectory planning of autonomous vehicles</subfield>
   </datafield>
</record></metadata></record></GetRecord></OAI-PMH>